| 000 | 00634nam a2200217 a 4500 | ||
|---|---|---|---|
| 001 | 9950 | ||
| 003 | CO-ViMGA | ||
| 008 | 141112s2004 ck r 000 u spa d | ||
| 020 | _a970620847 | ||
| 040 |
_aCO-ViMGA _bspa _cCO-ViMGA |
||
| 082 | 0 | 4 | _a301.158 G437 |
| 100 | 1 |
_aCohen ; Ira J., _912141 |
|
| 245 | 1 | 0 |
_aTeoría de la Estructuración : _bAnthony Giddens y la Constitución de la Vida Social |
| 260 |
_aMexico : _bUniversidad Autónoma Metropolitana, _c1996 |
||
| 300 | _a353p. | ||
| 590 | _aEjemplares : 2 | ||
| 650 | 1 | 4 |
_aESTRUCTURA SOCIAL _912142 |
| 650 | 1 | 4 |
_aMETODOLOGIA _96148 |
| 650 | 1 | 4 | _aSOCIOLOGIA |
| 942 |
_2ddc _cBK |
||
| 999 |
_c21327 _d21327 |
||